000 00705cam a22002413a 4500
001 7125
003 PGUSA
005 20140828083141.0
008 041201s2004||||xxu|||||s|||||000 | eng d
040 _aPGUSA
_beng
042 _adc
050 4 _aBX
100 1 _aDuff, Mildred,
_d1860-1932
245 1 0 _aCatherine Booth — a Sketch
_h[electronic resource] /
_cMildred Duff
260 _bProject Gutenberg,
_c2004
506 _aPublic domain in the USA.
516 _aElectronic text
653 _aSalvation Army -- Great Britain -- Biography
653 _aBooth, Catherine Mumford, 1829-1890
830 0 _aProject Gutenberg
_v7125
856 4 0 _uhttp://www.gutenberg.org/ebooks/7125
942 _cEB
999 _c236445
_d236445